| 000 | 00737nam a2200205 i 4500 | ||
|---|---|---|---|
| 001 | 185167 | ||
| 003 | ES-MaACL | ||
| 005 | 20230906222348.0 | ||
| 008 | 160331s1952 ja |||| | eng d | ||
| 245 | 0 | 0 |
_aCatalogue of the Exhibition of modern japanese painting : _bfrom dec. ist 1952 to jan. 25 th. 1953. |
| 260 |
_aTokyo : _bThe National Museum of Modern Art, _c1952. |
||
| 300 |
_a39 h., 56 h. de lám., 8 h. ; _c18 cm. |
||
| 546 | _aTexto en japonés e inglés. | ||
| 650 | 4 |
_aPintura japonesa- _yS.XX- _vExposiciones. _916063 |
|
| 655 | 7 |
_2tgfbne _9193628 _aCatálogos de exposiciones |
|
| 710 | 2 |
_aTokyo Kokuritsu Hakubutsukan. _9156893 |
|
| 852 |
_aES-MaACL _jC-25727 |
||
| 942 | _2udc | ||
| 999 |
_c185167 _d185167 |
||